Reflexiones en torno al sistema municipal de Costa Rica
Recoge una serie de reflexiones acerca del régimen municipal, tales como: sus funciones, las elecciones municipales, la opinión de diversas personas acerca de las elñecciones municipales como mecanismo de representación popular, la fundamentación constitucional, la tendencia a centralizar la adminis...
Guardat en:
| Autor principal: | |
|---|---|
| Format: | Text |
| Publicat: |
San José:
IFAM
|
| Matèries: | |
| Etiquetes: |
Afegir etiqueta
Sense etiquetes, Sigues el primer a etiquetar aquest registre!
|
MARC
| LEADER | 00000 a a2200000 04500 | ||
|---|---|---|---|
| 001 | 13371 | ||
| 003 | |||
| 040 | |||
| 090 | |a 027000 | ||
| 100 | |a Jiménez Zavaleta, Arnoldo | ||
| 245 | |a Reflexiones en torno al sistema municipal de Costa Rica | ||
| 260 | |a San José: |b IFAM | ||
| 300 | |a 22 p. | ||
| 520 | |a Recoge una serie de reflexiones acerca del régimen municipal, tales como: sus funciones, las elecciones municipales, la opinión de diversas personas acerca de las elñecciones municipales como mecanismo de representación popular, la fundamentación constitucional, la tendencia a centralizar la administración pública, la definición de bases constitucionales, los nuevos planteamientos institucionales en torno al gobierno local y la competencia municipal y su integridad. LOB/mb | ||
| 650 | |a ELECCIONES | ||
| 650 | |a CENTRALIZACION | ||
| 650 | |a INSTITUTO DE FOMENTO Y ASESORIA MUNICIPAL | ||
| 650 | |a DEMOCRACIA | ||
| 650 | |a INDEPENDENCIA | ||
| 650 | |a GOBIERNO LOCAL | ||
| 999 | |c 11689 |d 11689 | ||
